Normal view
MARC view
Entry Personal Name
001 - CONTROL NUMBER
- control field: 483
003 - CONTROL NUMBER IDENTIFIER
- control field: csc
005 - DATE AND TIME OF LATEST TRANSACTION
- control field: 20140507162050.0
008 - FIXED-LENGTH DATA ELEMENTS
- fixed length control field: 120821|| aca||aabn | a|a d
040 ## - CATALOGING SOURCE
- Original cataloging agency: csc
- Transcribing agency: csc
100 ## - HEADING--PERSONAL NAME
- Personal name: Wall, Larry.
670 ## - SOURCE DATA FOUND
- Source citation: Work cat.: (csc)286: Christiansen, Tom. 821, Programming Perl /, c2012.